La plus grande ville du monde en "A" par deuxième lettre - Statistiques

Statistiques générales
  • Ce quiz a été pris 68 fois
  • Le résultat moyen est 9 sur 14
Réponses sur la Carte
Les réponses sont colorées sur une échelle allant du rouge au vert en fonction du pourcentage des utilisateurs qui les ont devinées à leur premier essai. Vous pouvez retrouver ces pourcentages ci-dessous.
 
Statistiques - réponses
Population Pays Ville % Correct
3 154 000 Grèce At{hènes}
98%
2 607 000 Ghana Ac{cra}
97%
5 523 000 Côte d'Ivoire Ab{idjan}
95%
5 314 000 Turquie An{kara}
95%
3 455 000 Paraguay As{uncion}
91%
2 179 000 Etats-Unis Au{stin}
91%
5 238 000 Ethiopie Ad{dis-Abeba}
88%
2 211 000 Jordanie Am{man}
80%
5 488 000 Egypte Al{exandrie}
78%
8 458 000 Inde Ah{medabad}
42%
2 316 000 Inde Ag{ra}
37%
1 043 000 Brésil Ar{acaju}
9%
630 000 Inde Aj{mer}
5%
718 000 Nigéria Ak{ure}
5%
Aucun quiz correspondant
Distribution des résultats
% des personnes avec chaque résultat
Percentile par nombre de réponses
Votre historique - résultats
Vous n’avez pas pris ce quiz